000 00878nam a2200217Ii 4500
003 JO-AjNU
008 230605s9999||||xx |||||||||||||| ||und||
017 _a2008/7/2418
040 _aJO-AjNU
_bara
_erda
_cJO-AjNU
041 _aara
050 1 4 _aHF 5667 .I27 2009
100 3 _aتأليف: ابراهيم، ايهاب نظمي,
_eauthor
_928197
245 0 0 _aالتدقيق القائم على مخاطر الاعمال حداثة وتطور
250 _aط1 العربية
264 3 1 _aعمان: مكتبة المجتمع العربي للنشر والتوزيع، 2008
300 _a187ص
_bيحتوي على ببلوغرافية من ص185-187ص
336 _atext
_btxt
_2rdacontent
337 _aunmediated
_bn
_2rdamedia
338 _avolume
_bnc
_2rdacarrier
650 4 _aالمخاطرة - المؤسسات المالية - البنوك - التأمين
_928198
999 _aA10907
_c14475
_d14475